[Event "39th Citta Arco Open 2017"]
[Site "Arco"]
[Date "2017.10.10"]
[Round "4"]
[White "Petrov, Nikita"]
[Black "Panjkovic, Aleksandar"]
[Result "1-0"]
[WhiteElo "2564"]
[BlackElo "2130"]
[Annotator "TA"]
[PlyCount "123"]
[EventDate "2017.??.??"]
[EventType "swiss"]
[EventCountry "ITA"]
[SourceTitle "playchess.com"]
[Source "ChessBase"]
[SourceQuality "1"]

{[%evp 15,123,7,68,47,79,75,82,35,83,71,106,68,74,58,159,133,130,90,89,93,85,88,97,99,99,92,110,123,128,114,106,73,97,114,97,66,74,93,62,60,50,40,74,60,60,54,66,28,32,35,26,33,29,12,43,35,43,45,45,44,41,43,40,43,65,40,50,13,54,34,263,264,424,424,416,404,352,352,440,423,578,559,514,495,757,754,756,753,705,691,820,816,875,817,1904,1715,6091,6091,6091,6091,6091,6091,6091,6091,6079,5873,5654,5654,5106,5051]} 1. Nf3 d6 2. d4 g6 3. g3 Bg7 4. Bg2 Nd7 5. O-O e5 6. c4 Ne7 7. Nc3 O-O 8. e4 c6 (8... exd4 $11 9. Nxd4 Nc6 10. Nxc6 bxc6) 9. Be3 $14 {A42: Modern Defence: Averbakh Variation} Qc7 (9... h6 10. Qb3 b6 11. Rfd1 Qc7 12. Rac1 exd4 13. Nxd4 a5 14. Qc2 Ba6 15. b3 Rad8 16. Qd2 Kh7 {½-½ (49) Khismatullin,D (2534)-Bu,X (2606) Moscow 2004}) 10. h3 a6 $146 ({Predecessor:} 10... h6 11. Qc2 Kh7 12. Rad1 Nf6 13. b4 Nd7 14. b5 c5 15. dxc5 dxc5 16. Rd3 Nb6 {0-1 (37) Kludacz,M-Rusin,B Torun 1991}) 11. Qc2 {White is better.} b6 12. Rad1 Bb7 13. Rd2 Rad8 14. Rfd1 h6 ({Black should play} 14... c5 $14) 15. dxe5 $16 dxe5 16. c5 Nxc5 17. Bxc5 bxc5 18. Na4 c4 19. Nc5 Bc8 20. Qxc4 Rxd2 21. Rxd2 a5 22. Qd3 Re8 23. Qc3 g5 24. Nb3 f5 25. Qc4+ ({Reject} 25. Nxa5 $6 fxe4 26. Nh2 e3 $11) 25... Kh8 26. Nc5 {Hoping for Ne6.} fxe4 27. Nxe4 {[#] Black must now prevent Nd6.} Nf5 28. Qc5 Bf8 29. Qc2 Bg7 30. Nc5 Rf8 31. Re2 Qd6 $1 32. Kh2 Nd4 33. Nxd4 exd4 34. Qc4 Bf5 35. Be4 Bxe4 36. Nxe4 Qd5 37. Qxd5 cxd5 $14 {[%mdl 4096] Endgame KRB-KRN} 38. Nc5 Rc8 39. Nd3 Kg8 40. Kg2 Kf7 41. Re1 Rc2 42. Rc1 Rd2 $2 {[#]} (42... Rc4 $14) 43. Kf1 $1 $18 Rxd3 $2 {KRB-KR} (43... g4) 44. Ke2 Rc3 45. bxc3 dxc3 {KR-KB} 46. Kd3 Ke6 47. Rb1 {White is clearly winning.} Kd6 48. Rb5 a4 49. Ra5 d4 (49... c2 $142 50. Kxc2 Bd4) 50. Rxa4 Kc5 51. Ra7 Bf6 52. Rb7 Kc6 53. Rb1 h5 54. a4 {[%cal Ba2a4,Ba4a5][%mdl 32]} g4 55. hxg4 hxg4 56. a5 {White wants to mate with a6.} Bd8 57. Ra1 Kb7 58. Kxd4 Ka6 59. Kd3 Be7 60. Rc1 Bc5 61. Rc2 Kxa5 62. Kxc3 {Precision: White = 68%, Black = 31%.} 1-0

[Event "39th Citta Arco Open 2017"]
[Site "Arco"]
[Date "2017.10.10"]
[Round "4"]
[White "Romanishin, Oleg M"]
[Black "De Santis, Alessio"]
[Result "1/2-1/2"]
[WhiteElo "2463"]
[BlackElo "2162"]
[Annotator "TA"]
[PlyCount "128"]
[EventDate "2017.??.??"]
[EventType "swiss"]
[EventCountry "ITA"]
[SourceTitle "playchess.com"]
[Source "ChessBase"]
[SourceQuality "1"]

{[%evp 13,128,3,22,13,16,12,18,2,18,-8,25,18,32,39,45,29,31,31,36,28,33,33,32,18,106,111,116,113,112,112,112,105,110,105,105,105,105,105,105,105,109,123,131,91,87,98,100,93,99,80,87,87,87,87,87,87,87,87,87,80,87,80,91,76,76,76,237,237,237,237,237,237,237,226,237,226,226,226,226,226,226,226,226,226,226,226,226,226,226,226,226,226,226,226,226,226,259,259,267,259,267,259,267,259,267,259,267,259,267,259,267,226,226,226,245,245,237]} 1. d4 Nf6 2. Nf3 e6 3. g3 b6 4. Bg2 Bb7 5. c4 Be7 6. Nc3 Ne4 7. Bd2 d6 8. Qc2 {E17: Queen's Indian: 4 g3 Bb7 5 Bg2 Be7} Nxd2 9. Qxd2 Nd7 10. Rd1 $146 {The position is equal.} ({Predecessor:} 10. O-O O-O 11. e4 Bf6 12. Rad1 g6 13. Qe3 Bg7 14. Rfe1 Qe7 15. Qd3 Rfd8 16. Qc2 Rac8 17. d5 Re8 18. Nd4 e5 19. Nc6 Bxc6 20. dxc6 {1-0 (59) Burmakin,V (2578)-Valner,U (2215) Tallinn 2015}) 10... a6 11. Qc2 Ra7 12. O-O Qa8 13. e4 O-O 14. a4 c5 15. d5 e5 16. Ne1 {[%cal Bf3e1,Be1d3,Bd3f2,Bf2d1][%mdl 32]} Qe8 17. Nd3 Bc8 18. Rde1 g5 (18... h5 $11) 19. Bh3 $16 Kh8 20. f3 Rg8 21. Nf2 h5 22. Bf5 Nf6 23. Bxc8 Qxc8 24. Nfd1 Ne8 25. Ne3 Ng7 26. Ra1 Bd8 27. Rf2 Rf8 28. Nf5 Nxf5 29. exf5 f6 30. Kg2 Rh7 31. g4 hxg4 32. fxg4 Kg7 33. Rf3 {[%cal Bf2f3,Bf3g3,Bg3b3,Bb3b5][%mdl 32]} Rfh8 34. h3 Qd7 35. Ne4 a5 36. Rh1 Be7 37. Rg3 Kf7 38. Nd2 Bd8 39. Nf3 (39. Qd1 {with more complications.} Rh6 40. Ne4 Bc7 41. Kf1 Ke7 42. Ke2) 39... Rh4 $2 {[#]} (39... Qe8 $16 {was worth a try.}) 40. Nxh4 $18 Rxh4 41. Ra1 Bc7 42. Rb3 Qc8 43. Rb5 Qa6 44. Qd2 Ke7 45. Re1 Kd7 46. Re4 Qa8 47. Rb3 Qa6 48. Kg3 Qa8 49. Rd3 Bd8 50. Qf2 Bc7 51. Kg2 {[%cal Bg3g2,Bg2f1,Bf1e2,Be2d1,Bd1c2,Bc2b1][%mdl 32]} Qa7 52. Kf1 Qa8 53. Qf3 Bd8 54. Qd1 Bc7 55. Qb3 Qa6 56. Ke2 Bd8 57. Kd1 Bc7 58. Kc2 Bd8 59. Kb1 Bc7 60. Ree3 Bd8 61. Rc3 Bc7 62. Qc2 Qa8 {White is clearly better.} 63. Ra3 Bd8 64. Ra2 Bc7 {Precision: White = 60%, Black = 47%.} 1/2-1/2

[Event "39th Citta Arco Open 2017"]
[Site "Arco"]
[Date "2017.10.10"]
[Round "4"]
[White "Okhotnik, Vladimir"]
[Black "Popa, Claudiu"]
[Result "1-0"]
[WhiteElo "2432"]
[BlackElo "2088"]
[Annotator "TA"]
[PlyCount "69"]
[EventDate "2017.??.??"]
[EventType "swiss"]
[EventCountry "ITA"]
[SourceTitle "playchess.com"]
[Source "ChessBase"]
[SourceQuality "1"]

{[%evp 18,69,29,22,60,71,62,62,62,47,66,38,33,0,39,26,61,67,73,76,64,67,160,76,82,43,51,53,107,110,107,10,208,193,238,223,316,348,435,440,405,392,394,404,398,343,1051,1193,1193,1186,1185,1185,1145,1141]} 1. c4 e6 2. e4 d5 3. exd5 exd5 4. d4 Nf6 5. Nc3 c6 6. Nf3 Be7 7. Bd3 O-O 8. cxd5 cxd5 9. O-O Nc6 10. h3 {LiveBook: 63 Partien} b6 {B14: Caro-Kann (Panow-Angriff)} (10... h6 11. Re1 {½-½ (11) Khairullin,I (2649)-Andriasian,Z (2616) Martuni 2011}) 11. Re1 Bb7 12. a3 Re8 {Weiß steht etwas besser.} 13. Bf4 g6 {[#]} 14. Bg5 $146 {Droht Txe7! und aus.} ({Vorgänger:} 14. Rc1 a6 15. Na4 Nd7 16. Bb1 Bf6 17. Rxe8+ Qxe8 {1-0 (37) Neverov,V (2541)-Shadrina,T (2348) Bor 2000}) 14... Nh5 15. Bh6 Qd6 16. Nb5 Qd7 17. Ne5 $36 {[%mdl 2048] Schwarz steht unter Druck.} Nxe5 18. dxe5 a6 19. Nd4 {Und weiter mit Lf5! wäre nett.} Ng7 ({Lieber} 19... Bc5 $14 20. Nf3 b5) 20. b4 (20. Bxg7 $142 $1 Kxg7 21. e6) 20... Bf8 21. Bc2 Ne6 22. Bxf8 Nxf8 {[#]} ({Besser ist} 22... Rxf8 $14 23. Ba4 b5) 23. f4 $1 $16 {[%cal Bf2f4,Bf4f5][%mdl 32]} Rac8 24. Re3 (24. f5 $16) 24... Rc7 $2 (24... Ne6 $11 {und Schwarz ist OK.} 25. Nxe6 fxe6) 25. f5 $18 Rec8 26. Qd2 Qd8 (26... Qe7 $142 27. Rf1 Qg5) 27. Rg3 Kh8 28. Qh6 {f6 ist eine echte Drohung.} Rxc2 29. f6 {[%csl Gf6][%cal Rh6g7]} Ne6 30. Nxe6 {[%csl Ge6,Gf6][%cal Rh6g7]} Qg8 31. Nd4 R2c3 $2 (31... R2c4) 32. Rxc3 {Weiß steht klar auf Gewinn.} Rxc3 {[#]} 33. e6 $1 {[%mdl 512]} fxe6 {[#]} 34. f7 $1 {[%mdl 512]} Qxf7 {[#]} 35. Rf1 $1 {Precision: Weiß = 54%, Schwarz = 40%.} 1-0

[Event "39th Citta Arco Open 2017"]
[Site "Arco"]
[Date "2017.10.10"]
[Round "4"]
[White "Gaprindashvili, Valeriane"]
[Black "Ruecker, Benjamin"]
[Result "1-0"]
[WhiteElo "2352"]
[BlackElo "2261"]
[Annotator "TA"]
[PlyCount "79"]
[EventDate "2017.??.??"]
[EventType "swiss"]
[EventCountry "ITA"]
[SourceTitle "playchess.com"]
[Source "ChessBase"]
[SourceQuality "1"]

{[%evp 14,79,19,16,24,20,24,25,25,13,38,27,17,-6,50,50,57,54,44,46,58,35,62,56,87,84,82,85,104,66,85,71,68,81,111,81,112,62,191,98,127,122,124,122,124,73,164,150,151,130,131,127,160,150,532,527,564,579,579,575,708,698,702,693,696,673,800,670]} 1. Nf3 d5 2. d4 Nf6 3. c4 e6 4. e3 a6 5. b3 c5 6. Nbd2 {D30: Queen's Gambit Declined: Systems without Nc3} Nc6 7. Bb2 cxd4 8. Nxd4 {LiveBook: 4 Games. The position is equal.} Be7 9. Be2 Nxd4 10. Bxd4 O-O 11. Bf3 $146 ({Predecessor:} 11. O-O Bd7 12. cxd5 Nxd5 13. Bf3 Bb5 {½-½ (34) Hodgson,J (2565)-Rogers,I (2618) Breda 1999}) 11... b6 12. cxd5 Nxd5 13. Nc4 b5 {[#]} ({Better is} 13... Bb4+ $11 14. Ke2 a5) 14. Nb6 $1 $14 {[%cal Rb6a8][%mdl 512]} Bb4+ (14... Nxb6 15. Bxb6) 15. Kf1 $1 Rb8 {[%cal Ba8b8,Bb8b7,Bb7e7,Be7e6][%mdl 32]} 16. Nxd5 exd5 17. Ke2 Ba3 18. Be5 Rb7 19. Qd4 $36 {[%mdl 2048] Black is under strong pressure.} ({Don't blunder} 19. Bxd5 $2 Rd7 $19) 19... Qg5 20. h4 ({Don't play} 20. Bxd5 Rd7 $11) 20... Qh6 21. Qxd5 ({Reject} 21. Bxd5 Rd7 $11) 21... Re7 22. Bd4 Qg6 23. Rhd1 h6 24. Kf1 Qc2 25. Qc6 Qf5 {[#]} ({Black should try} 25... Qxc6 $14 26. Bxc6 Bf5) 26. Qb6 (26. Qc3 $1 $18 {aiming for b4.} b4 27. Qc5) 26... Re6 27. Qa5 Be7 28. Qc3 b4 29. Qb2 ({White should play} 29. Qc7) 29... Bf6 (29... Bd7 $16) 30. Bxf6 Rxf6 31. Rd5 Qe6 32. Qd4 Rxf3 33. gxf3 {Black must now prevent Ke2.} Qh3+ $2 {[#]} (33... Bb7 $16 {is more resistant.} 34. Rd8 Qh3+ 35. Ke1 Rxd8 36. Qxd8+ Kh7) 34. Ke2 $1 $18 {White is clearly winning.} Bb7 {[#]} 35. Rg1 $1 {[%csl Gg1][%cal Rd4g7]} g6 36. Rg3 Qe6 37. Rd6 Qf5 38. e4 Re8 {[%cal Rb7e4]} 39. Kf1 Qb5+ 40. Kg2 {Precision: White = 54%, Black = 24%.} 1-0

[Event "39th Citta Arco Open 2017"]
[Site "Arco"]
[Date "2017.10.10"]
[Round "4"]
[White "Molnar, Bela"]
[Black "Horvath, Csaba"]
[Result "0-1"]
[WhiteElo "2290"]
[BlackElo "2507"]
[Annotator "TA"]
[PlyCount "70"]
[EventDate "2017.??.??"]
[EventType "swiss"]
[EventCountry "ITA"]
[SourceTitle "playchess.com"]
[Source "ChessBase"]
[SourceQuality "1"]

{[%evp 15,70,-10,0,0,0,0,0,0,4,0,44,0,121,132,126,131,121,125,132,127,122,116,120,82,87,87,90,94,110,117,91,91,108,48,49,0,0,-15,-10,-110,-105,-347,-331,-339,-348,-348,-348,-347,-164,-347,-347,-339,-343,-347,-344,-348,-339]} 1. d4 Nf6 2. c4 e6 3. Nc3 Bb4 4. f3 d5 5. a3 Bxc3+ 6. bxc3 c5 7. cxd5 exd5 8. e3 Qc7 {LiveBook: 83 Games} 9. Bd3 {E25: Nimzo-Indian: Sämisch: 5...c5 6 f3 d5 7 cxd5} (9. Ne2 Nc6 10. g4 h6 11. Ra2 Be6 12. Bg2 O-O-O 13. Nf4 g5 14. Nxe6 fxe6 15. O-O h5 16. h3 Rd7 17. Raf2 Qg3 18. e4 hxg4 19. fxg4 Rxh3 20. Rxf6 Qh2+ 21. Kf2 Qg3+ 22. Kg1 Qh2+ 23. Kf2 Qg3+ {½-½ (23) Volkov,S (2615)-Alekseev,E (2673) Taganrog 2011}) 9... cxd4 10. cxd4 Qc3+ 11. Qd2 {The position is equal.} Qxa1 12. Ne2 b6 {Strongly threatening ...Ba6.} 13. Nc3 $1 {[#]} Ba6 $146 (13... b5 $1 $11 14. O-O (14. Nxb5 O-O) 14... b4 $1 {[%mdl 512]} 15. axb4 Ba6) ({Predecessor:} 13... b5 14. O-O b4 15. axb4 Ba6 16. b5 Qa5 17. bxa6 {½-½ (66) Percze,R (2293)-Brus,H (1382) LSS email 2010}) 14. Bb1 $1 $16 Nc6 15. Bb2 Qxb1+ 16. Nxb1 O-O 17. Bc3 Bc4 18. Kf2 a5 19. Re1 b5 20. e4 b4 21. Bb2 Rfe8 {[%cal Rd5e4]} 22. e5 Nd7 23. f4 f5 24. g4 (24. Qc2 $16) 24... fxg4 $14 25. Kg3 (25. Kg1 $14) 25... Ne7 $11 26. Kxg4 Ra6 27. f5 (27. Kf3 $11 {keeps the balance.}) 27... Nxf5 $1 $17 28. e6 $2 (28. Kxf5 $17 Rf8+ 29. Kg5 Rg6+ 30. Kh4) 28... Raxe6 $19 29. Rxe6 Rxe6 30. Kxf5 {[#]} Re4 $1 31. Qc2 {[#]} ({Not} 31. axb4 $2 g6+ 32. Kg5 Kg7 $19) 31... g6+ $1 32. Kg5 {Hoping for Nd2.} Kg7 {[%csl Gg7][%cal Rh7h6] Black has a decisive advantage.} 33. Qxe4 dxe4 34. axb4 axb4 35. d5+ Kf7 {Precision: White = 61%, Black = 86%.} 0-1

[Event "39th Citta Arco Open 2017"]
[Site "Arco"]
[Date "2017.10.10"]
[Round "4"]
[White "Nazarenus, Moritz"]
[Black "Almasi, Istvan"]
[Result "0-1"]
[WhiteElo "2241"]
[BlackElo "2421"]
[Annotator "TA"]
[PlyCount "68"]
[EventDate "2017.??.??"]
[EventType "swiss"]
[EventCountry "ITA"]
[SourceTitle "playchess.com"]
[Source "ChessBase"]
[SourceQuality "1"]

{[%evp 12,68,41,-18,-6,-19,-8,-42,-45,-33,-21,-28,-15,-16,-16,-29,-17,-43,17,0,0,-42,-42,-39,8,-61,-60,-193,-188,-173,-197,-206,-205,-210,-210,-210,-210,-210,-210,-210,-214,-214,-207,-266,-276,-287,-204,-272,-280,-280,-259,-266,-261,-29996,-745,-29997,-29998,-29998,-29999]} 1. d4 g6 2. c4 Bg7 3. e4 d6 4. Nc3 e5 5. Nf3 exd4 6. Nxd4 Nc6 7. Nc2 {LiveBook: 8 Partien} (7. Be3 $14) 7... f5 $146 {A27: Englische Eröffnung (Holländische Struktur)} ({Vorgänger:} 7... Nge7 8. Be2 O-O 9. h4 f5 10. h5 f4 11. hxg6 Nxg6 12. Qd5+ Rf7 13. Qh5 Bxc3+ 14. bxc3 Qf6 15. Bb2 Nce5 16. f3 c5 {½-½ (38) Grigoryan,K (2602)-Stella,A (2413) Lorca 2015}) 8. exf5 Bxf5 9. Ne3 Nge7 {Schwarz steht etwas besser.} 10. Be2 O-O 11. O-O $1 Nd4 12. Nxf5 Nexf5 {[%cal Be7f5,Bf5h6,Bh6g4,Bg4e3][%mdl 32]} 13. Bg4 Qh4 14. Nd5 Be5 (14... Rae8 $15) 15. f4 Bg7 {...Tae8 ist eine echte Drohung.} 16. a4 Rae8 {zielt auf ...Se2+! ab.} 17. Ra3 $1 Nh6 18. Bf3 (18. Bd7 $1 $11) 18... c6 $15 19. Nb4 {[#]} (19. Ne3 $15) 19... a5 $1 $19 {[%cal Ra5b4]} 20. Nd3 Nxf3+ 21. Qxf3 Ng4 {[%csl Gg4][%cal Rh4h2]} 22. h3 Bd4+ 23. Kh1 Ne3 24. Bxe3 Rxe3 $40 {[%mdl 128] Weiss ist in Schwierigkeiten.} ({Keinesfalls} 24... Bxe3 25. Raa1 $15) 25. Qg4 Qxg4 26. hxg4 {[#]} Bxb2 $1 {[%mdl 512]} 27. Ra2 (27. Nxb2 Rxa3) 27... Bd4 28. Rd2 Rg3 29. g5 {[#]} Rxg5 $1 {[%cal Rg5h5][%mdl 512]} 30. Kh2 (30. fxg5 Rxf1+) 30... Rh5+ 31. Kg3 Re8 32. Nf2 $2 (32. Rdd1 $19) 32... Re3+ 33. Kg4 Bf6 {[%csl Gf6][%cal Rh5h4]} 34. Rh1 Rxh1 {Precision: Weiß = 42%, Schwarz = 68%.} 0-1

[Event "39th Citta Arco Open 2017"]
[Site "Arco"]
[Date "2017.10.10"]
[Round "4"]
[White "Passerotti, Pierluigi"]
[Black "Kasparov, Sergey"]
[Result "0-1"]
[WhiteElo "2210"]
[BlackElo "2450"]
[Annotator "TA"]
[PlyCount "64"]
[EventDate "2017.??.??"]
[EventType "swiss"]
[EventCountry "ITA"]
[SourceTitle "playchess.com"]
[Source "ChessBase"]
[SourceQuality "1"]

{[%evp 17,64,43,46,18,30,12,14,0,0,0,0,-85,-83,-165,-150,-197,-193,-192,-192,-187,-195,-224,-226,-223,-195,-241,-313,-281,-206,-208,-208,-202,-198,-227,-225,-423,-412,-392,-373,-412,-410,-360,-418,-522,-524,-517,-485,-562,-500]} 1. d4 c5 2. d5 Nf6 3. Nc3 d6 4. e4 g6 5. Bb5+ Bd7 6. a4 Bg7 7. Nf3 Bxb5 8. axb5 Nbd7 9. O-O O-O 10. Nd2 {A43: Schmid Benoni} (10. h3 Ne8 11. Qe2 Nc7 12. Bf4 Nb6 13. Rfd1 Qd7 14. e5 f6 15. exd6 exd6 16. Ra5 Rfe8 17. Qd3 f5 18. Rda1 {½-½ (40) Navara,D (2725)-Martinovic,S (2550) Tallinn 2016}) 10... Nb6 11. Qe2 Ne8 12. Na4 $146 {The position is equal.} ({Predecessor:} 12. f4 Nc7 13. Nd1 Qd7 14. Ra5 e6 15. dxe6 Nxe6 16. c3 f5 17. exf5 {½-½ (17) Campos Gambuti,L (2446)-Hernandez Leon,A (2274) Vecindario 2010}) 12... Nxa4 13. Rxa4 Nc7 14. Nf3 (14. Ra3 $11 {remains equal.}) 14... Qd7 $17 15. c4 (15. Ra2 $17) 15... a6 $19 {[%cal Ba7a6,Ba6b5][%mdl 32]} 16. Bg5 h6 ({Don't play} 16... axb5 17. Rxa8 Rxa8 18. b3) 17. Be3 axb5 18. Rxa8 Rxa8 19. Nd2 Bxb2 20. Bxh6 Bf6 21. f4 Bd4+ 22. Kh1 Ra1 23. Rxa1 Bxa1 24. f5 bxc4 25. fxg6 fxg6 26. Qf3 $2 (26. Nxc4 b5 27. Qd1) 26... Bf6 27. Nxc4 Qa4 {[#] ( -> ...Qa1+)} 28. Ne3 Qa1+ 29. Nf1 Nb5 30. h4 Nd4 {Black is clearly winning.} 31. Qf2 Qd1 32. Be3 Qg4 {Precision: White = 31%, Black = 100%.} 0-1

[Event "39th Citta Arco Open 2017"]
[Site "Arco"]
[Date "2017.10.10"]
[Round "4"]
[White "De Eccher, Stefano"]
[Black "Vezzosi, Paolo"]
[Result "0-1"]
[WhiteElo "2193"]
[BlackElo "2299"]
[Annotator "TA"]
[PlyCount "78"]
[EventDate "2017.??.??"]
[EventType "swiss"]
[EventCountry "ITA"]
[SourceTitle "playchess.com"]
[Source "ChessBase"]
[SourceQuality "1"]

{[%evp 18,78,3,0,73,39,35,23,96,76,82,64,76,-8,43,-28,-26,-30,-29,-31,-37,-76,-35,-33,-42,-37,-30,-45,-30,-55,-37,-55,-17,-17,-22,-27,0,-18,-14,-21,0,-20,-14,-37,-7,-16,-18,-26,-18,-23,-10,-6519,-1781,-29989,-29990,-29990,-29991,-29991,-29992,-29992,-29993,-29993,-29994]} 1. e4 c5 2. Nf3 e6 3. d4 cxd4 4. Nxd4 Nf6 5. Nc3 d6 6. Bc4 Nc6 7. Be3 Qc7 8. Qe2 a6 9. Bb3 Na5 10. g4 e5 {B89: Sicilian: Velimirovic Attack} (10... b5 $11) (10... Nxb3 11. axb3 h6 12. Rg1 g6 13. Ndb5 Qb8 14. e5 dxe5 15. Ba7 Rxa7 16. Nxa7 Qxa7 17. Qxe5 Bg7 18. Nd5 Nxd5 19. Qxg7 {0-1 (48) Pacher,M (2450)-Oleksienko,M (2636) Minsk 2017}) 11. Nf5 Nxb3 12. axb3 Be6 $146 (12... h5 $11 {keeps the balance.}) ({Predecessor:} 12... h5 13. f3 hxg4 14. fxg4 b5 15. Bg5 b4 16. Nb5 Qc6 17. Nbxd6+ Bxd6 18. Nxg7+ Kf8 19. Bxf6 Rh6 20. Nh5 Rg6 21. g5 Be6 22. Ng3 {1-0 (22) Moosavian,S (2349)-Otte,M (2192) Novokuznetsk 2008}) 13. Bg5 $16 Nd7 14. Ne3 Nb6 15. Ned5 ({White should try} 15. O-O-O $16) 15... Bxd5 (15... Nxd5 $11 16. Nxd5 (16. exd5 Bd7 $11) 16... Bxd5 17. exd5 Be7) 16. Nxd5 (16. exd5 $14 Be7 17. Be3) 16... Nxd5 $11 17. exd5 Be7 18. Be3 O-O 19. O-O-O Rfc8 20. Rd3 a5 21. Rc3 Qd7 22. Rxc8+ Rxc8 23. f3 b5 24. Qd3 Ra8 25. Kd2 Bd8 26. h3 Rc8 27. Ra1 Qb7 28. Ke2 g6 (28... b4 {is interesting.} 29. Rb1 Bb6 30. c4 Bxe3 31. Qxe3 Qe7) 29. Rh1 a4 30. Ra1 Ra8 31. bxa4 bxa4 32. Qc4 Rc8 $36 {[%mdl 2048] Black has some pressure.} 33. Qxa4 {[#] Black must now prevent Qe8+.} Qxb2 34. Qe8+ $2 {[%mdl 8192]} (34. Ra2 $11 Qb1 35. Ra1 Rxc2+ 36. Kd3) 34... Kg7 $19 35. Bh6+ Kxh6 {Black mates.} 36. Qf8+ Kg5 37. f4+ exf4 38. h4+ Kxg4 39. Rg1+ Kh3 {Precision: White = 37%, Black = 46%.} 0-1

[Event "39th Citta Arco Open 2017"]
[Site "Arco"]
[Date "2017.10.10"]
[Round "4"]
[White "Valenti, Giuseppe"]
[Black "Cordara, Michele"]
[Result "1-0"]
[WhiteElo "2149"]
[BlackElo "1990"]
[Annotator "NA"]
[PlyCount "43"]
[EventDate "2017.??.??"]
[EventType "swiss"]
[EventCountry "ITA"]
[SourceTitle "playchess.com"]
[Source "ChessBase"]
[SourceQuality "1"]
[TimeControl "40/5400+30:1800+30"]

1. e4 c5 2. Nf3 d6 3. d4 cxd4 4. Nxd4 Nf6 5. Nc3 a6 6. Bg5 Nbd7 7. Bc4 Qa5 8. Qd2 e6 9. f4 b5 10. Bxe6 fxe6 11. Nxe6 b4 12. Nd5 Nxd5 13. exd5 Nf6 14. Qe2 Be7 15. O-O Kf7 16. Bxf6 Bxf6 17. Ng5+ Kg6 18. f5+ Bxf5 19. Rxf5 h6 20. Qe4 Qc5+ 21. Rf2+ Kxg5 22. Qf5+ 1-0

[Event "39th Citta Arco Open 2017"]
[Site "Arco"]
[Date "2017.10.10"]
[Round "4"]
[White "Vezzani, Stefano"]
[Black "Medancic, Rikard"]
[Result "1/2-1/2"]
[WhiteElo "2121"]
[BlackElo "2225"]
[Annotator "TA"]
[PlyCount "60"]
[EventDate "2017.??.??"]
[EventType "swiss"]
[EventCountry "ITA"]
[SourceTitle "playchess.com"]
[Source "ChessBase"]
[SourceQuality "1"]

{[%evp 9,60,-7,38,21,24,8,0,0,12,7,18,6,20,0,2,0,8,15,8,0,0,-14,0,-16,-5,-79,-75,-68,0,0,-8,0,16,24,27,43,116,122,129,-56,17,5,91,0,0,0,123,130,112,0,0,0,109]} 1. g3 d5 2. Nf3 Nf6 3. Bg2 Bg4 4. h3 Bf5 (4... Bh5 5. O-O e6 6. c4 c6 7. d3 Nbd7 8. cxd5 exd5 9. Nc3 Be7 10. e4 O-O 11. exd5 Nxd5 12. Nxd5 cxd5 13. Be3 Nc5 14. d4 Ne4 15. Qb3 Bxf3 16. Bxf3 Qd7 17. Bg2 Kh8 18. Rac1 Rac8 19. h4 f5 20. Rfd1 Bf6 {0-1 (54) Meier,G (2630)-Karjakin,S (2783) chess.com INT 2017}) 5. d3 Nbd7 6. O-O $146 {A07: Réti Opening: New York and Capablanca Systems} ({Predecessor:} 6. Nh4 Bg6 7. O-O e6 8. Qe1 Bc5 9. e4 dxe4 10. dxe4 e5 11. Bg5 O-O 12. Nd2 Re8 {0-1 (62) Stefanova,A (2492)-Ubiennykh,E (2302) Sochi 2007}) 6... e5 7. Nh4 Be6 8. e4 dxe4 9. dxe4 Bc5 10. Nc3 a5 11. Qf3 O-O 12. Nf5 g6 13. Nh6+ Kg7 14. Bg5 Be7 15. Rad1 {Threatens to win with Nf5+.} c6 16. Bc1 Qc7 17. Ng4 (17. b3 $11) 17... Nxg4 $17 18. hxg4 h6 (18... Nc5 $15) 19. Nd5 $1 $11 {[%cal Rd5c7]} cxd5 20. exd5 e4 21. Qxe4 Nf6 22. Bxh6+ $1 Kh7 ({Avoid the trap} 22... Kxh6 $2 23. g5+ $1 {[%mdl 512]} Kg7 24. gxf6+ Bxf6 25. dxe6 $18) ({Better is} 22... Kg8 $1 $14 23. d6 Bxd6 24. Qxb7 Bxg3 $1 {[%mdl 512]} 25. Qxc7 (25. fxg3 $2 Qc5+ 26. Kh1 Nxg4 $19) 25... Bxc7) 23. Qd4 $1 $16 {[%mdl 1024] White has strong compensation.} Rfd8 {aiming for ...Bxd5.} 24. g5 $2 (24. Bf4 $16 Qxc2 25. Rc1) 24... Ne8 ({Don't go for} 24... Bxd5 $2 25. gxf6 Be4 26. Qxe4 $18) ({Black should try} 24... Nh5 $1 $15) 25. Qh4 $36 {[%mdl 2048] White is more active.} Bc8 {[#]} (25... Bf5 $11 {keeps the balance.}) 26. Rfe1 (26. Bf3 $1 $16) 26... Kg8 27. Qe4 Bd6 {[#]} (27... Bc5 $11 28. Qf3 Bb4) 28. Qd4 $1 {Intending Rxe8+! and mate.} Be7 29. Qe3 Bd6 30. Qd4 {White wants to mate with Rxe8+!} Be7 {Precision: White = 37%, Black = 41%.} 1/2-1/2

[Event "39th Citta Arco Open 2017"]
[Site "Arco"]
[Date "2017.10.10"]
[Round "4"]
[White "Bevilacqua, Maurizio"]
[Black "Molina, Fabrizio"]
[Result "0-1"]
[WhiteElo "2093"]
[BlackElo "2208"]
[Annotator "ChessBase"]
[PlyCount "132"]
[EventDate "2017.??.??"]
[EventType "swiss"]
[EventCountry "ITA"]
[SourceTitle "playchess.com"]
[Source "ChessBase"]
[SourceQuality "1"]
[TimeControl "40/5400+30:1800+30"]

1. c4 c6 2. Nf3 Nf6 3. d4 d5 4. Nc3 a6 5. a4 e6 6. e3 a5 7. Bd3 Na6 8. Ne5 Be7 9. O-O Nb4 10. Bb1 O-O 11. b3 Nd7 12. Nxd7 Qxd7 13. Ba3 b6 14. f4 f5 15. Bxb4 Bxb4 16. Ne2 Ba6 17. Bd3 Rfd8 18. Qc2 g6 19. Rfd1 Rac8 20. Rac1 Qe7 21. Qb1 h6 22. Kf2 Qh4+ 23. Kg1 Bb7 24. Rc2 Qe7 25. Nc1 Kh7 26. Be2 c5 27. Qb2 cxd4 28. exd4 dxc4 29. bxc4 Be4 30. Nd3 Qd6 31. Nxb4 axb4 32. Rcd2 Qxf4 33. Qxb4 Rd6 34. Qa3 Rcd8 35. a5 bxa5 36. c5 R6d7 37. Bb5 Rb7 38. c6 Ra7 39. Qc5 Qc7 40. Ra1 Rd5 41. Qc4 Qb6 42. Ba4 Qb4 43. Qxb4 axb4 44. Rc1 Rxa4 45. c7 Ra8 46. c8=Q Rxc8 47. Rxc8 b3 48. Rb8 Bc2 49. Kf2 e5 50. Re2 e4 51. Ke3 g5 52. g3 Ra5 53. Rf2 Ra3 54. Rb7+ Kg6 55. Rb6+ Kh5 56. g4+ Kxg4 57. Rg2+ Kh5 58. Kd2 e3+ 59. Kc1 f4 60. h4 f3 61. Rh2 g4 62. Rb5+ Kg6 63. h5+ Kf6 64. Rb6+ Kf5 65. Rb5+ Ke4 66. Rh4 Kd3 0-1